Las ciudades en la América Hispana: siglos XV al XVIII

Saved in:
Bibliografiske detaljer
Hovedforfatter: Sanz Camañes, Porfirio (Author)
Format: Bog
Sprog:spansk
Udgivet: Madrid Sílex 2004
Serier:Claves Históricas
Fag:
Tags: Tilføj Tag
Ingen Tags, Vær først til at tagge denne postø!

MARC

LEADER 00000nam a2200000 a 4500
001 UCH2795
003 CL-VaPUC
008 090624e20040000SP |||||||||||||||||spa|d
020 |a 8477371350 
082 0 4 |a 980  |b SAN  |2 21 
100 0 |a Sanz Camañes, Porfirio  |e author  |9 537858 
245 1 4 |a Las ciudades en la América Hispana: siglos XV al XVIII 
300 |a 453 p 
942 |c BK 
945 |d 20090624 00:00:00  |a dcastane 
260 |a Madrid  |b Sílex  |c 2004 
650 0 |a Urbanización   |9 265706 
650 0 |a Planificación urbana   |9 258176 
650 0 |a Colonización  |9 265172 
650 0 |a América Latina   |y Siglos 15-18  |9 537859 
651 0 |a América Latina   |9 255027 
583 |a last modification  |c 20160929 09:22:53  |k Rodrigo Vera 
490 0 |a Claves Históricas 
999 |c 334492  |d 334490 
952 |0 0  |1 0  |4 0  |6 980_000000000000000_SAN_2004  |7 0  |8 A  |9 423567  |a BIBARQ  |b BIBARQ  |d 2019-11-22  |i 4564251  |o 980 SAN 2004  |p 4564251  |r 2025-01-20  |w 2019-11-22  |y BK  |k ARQ